000 00417nam a2200157Ia 4500
008 230917s9999||||xx |||||||||||||| ||und||
020 _cRS0.8
040 _e15880
_aMAIN
041 _aEnglish
082 _a320.942 B622V
100 _aBlondel, J
245 0 _aVoters, parties, and leaders: The social fabric of British politcs
260 _aHarmondsworth
_bPenguim Books
_c1974
300 _a271 p.
942 _cBK
999 _c185193
_d185193